African Land Development in Kenya (Record no. 2672)
[ view plain ]
| 000 -LEADER | |
|---|---|
| fixed length control field | 00343nam a22001097a 4500 |
| 008 - FIXED-LENGTH DATA ELEMENTS--GENERAL INFORMATION | |
| fixed length control field | 230626b xxu||||| |||| 00| 0 eng d |
| 082 ## - DEWEY DECIMAL CLASSIFICATION NUMBER | |
| Classification number | 333.09 |
| Item number | LDB |
| 245 ## - TITLE STATEMENT | |
| Title | African Land Development in Kenya |
| Remainder of title | Report of the Land development Board for the financial year 1st july 1958 to 30th June 1959 |
| 260 ## - PUBLICATION, DISTRIBUTION, ETC. (IMPRINT) | |
| Place of publication, distribution, etc. | Kenya |
| 300 ## - PHYSICAL DESCRIPTION | |
| Extent | 91p |
| 942 ## - ADDED ENTRY ELEMENTS (KOHA) | |
| Source of classification or shelving scheme | Dewey Decimal Classification |
| Koha item type | Books |
| Withdrawn status | Lost status | Source of classification or shelving scheme | Damaged status | Not for loan | Home library | Current library | Date acquired | Total Checkouts | Full call number | Barcode | Date last seen | Price effective from | Koha item type |
|---|---|---|---|---|---|---|---|---|---|---|---|---|---|
| Dewey Decimal Classification | County Hall Archives | County Hall Archives | 06/26/2023 | 333.09 LDB | 10014180 | 06/26/2023 | 06/26/2023 | Books | |||||
| Dewey Decimal Classification | County Hall Archives | County Hall Archives | 06/26/2023 | 333.09 LDB | 10011641 | 06/26/2023 | 06/26/2023 | Books |
